000 01051cam a2200325 4500
999 _c23405
_d23405
001 vtls011878967
005 20221010082019.0
008 210209s2019 xo gr 010 f slo
020 _a9788056905234
_q(viazané)
035 _aurn:nbn:sk:snk-am00edq5
035 _aurn:nbn:sk:snk-am3ih0y
035 _a3731F6E9-6705-4C62-A401-AC55DF876B30
040 _aPPPK
_bslo
_cPPPK
_dSNK
_erda
041 0 _aslo
044 _axo
_cSK
072 7 _a821.162.4-3
_xSlovenská próza
_2konspekt
080 _a821.162.4-31
_22011
100 1 _aFábryová, Gréta,
_d1974-
_4aut
_93629
245 1 0 _aDo neba ma nevezmú
_cGréta Fábryová
250 _a1. vydanie
264 1 _aBratislava
_bMarenčin PT
_c2019
300 _a140 strán
_c21 cm
336 _atext
_btxt
_2rdacontent
337 _abez média
_bn
_2rdamedia
338 _azväzok
_bnc
_2rdacarrier
500 _aObsahuje biografické údaje o autorke na záložke prebalu publikácie
655 7 _aslovenské romány
_2SNKPH
_91694
655 7 _aSlovak fiction
_2SNKPHeng
_91695
958 _aLX